书目信息 |
| 题名: |
环境微生物技术
|
|
| 作者: | 杨柳燕 , 肖琳 主编 | |
| 分册: | ||
| 出版信息: | 北京 科学出版社 2003 |
|
| 页数: | 10,436页 | |
| 开本: | 24cm | |
| 丛书名: | 21世纪高等院校教材 | |
| 单 册: | ||
| 中图分类: | X172-43 | |
| 科图分类: | ||
| 主题词: | 环境科学--微生物学--高等学校--教材 , 环境科学 , 微生物学 | |
| 电子资源: | ||
| ISBN: | 7-03-011228-8 | |
| 000 | 00919nam0 2200289 45 | |
| 001 | 012003061247 | |
| 005 | 20051207094458.43 | |
| 010 | @a7-03-011228-8@dCNY42.00 | |
| 100 | @a20030908d2003 em y0chiy0121 ea | |
| 101 | 0 | @achi |
| 102 | @aCN@b110000 | |
| 105 | @ay z 001yy | |
| 200 | 1 | @a环境微生物技术@Ahuan jing wei sheng wu ji shu@f杨柳燕,肖琳主编 |
| 210 | @a北京@c科学出版社@d2003 | |
| 215 | @a10,436页@d24cm | |
| 225 | 2 | @a21世纪高等院校教材@i环境类 |
| 320 | @a含参考文献、附索引(第430-436页) | |
| 330 | @a本书在阐述微生物基本知识的基础上,广泛论述了环境微生物技术的基本内容和最新成就。 | |
| 462 | 0 | @12001 @a21世纪高等院校教材@i环境类 |
| 606 | 0 | @a环境科学@x微生物学@x高等学校@j教材 |
| 606 | 0 | @a环境科学 |
| 606 | 0 | @a微生物学 |
| 690 | @aX172-43@v4 | |
| 701 | 0 | @a杨柳燕@Ayang liu yan@4主编 |
| 701 | 0 | @a肖琳@Axiao lin@4主编 |
| 801 | 0 | @aCN@bSRXX@c20051207 |
| 905 | @a10447@dX172-43@eY220 | |
| 环境微生物技术/杨柳燕,肖琳主编.-北京:科学出版社,2003 |
| 10,436页;24cm.-(21世纪高等院校教材.环境类) |
| ISBN 7-03-011228-8:CNY42.00 |
| 本书在阐述微生物基本知识的基础上,广泛论述了环境微生物技术的基本内容和最新成就。 |
| ● |
| 相关链接 |
|
|
|
正题名:环境微生物技术
索取号:X172-43/Y220
 
预约/预借
| 序号 | 登录号 | 条形码 | 馆藏地/架位号 | 状态 | 备注 |
| 1 | 545686 | 205456861 | 期刊室512/501自科库 63排5列3层/ [索取号:X172-43/Y220] | 在馆 | |
| 2 | 545687 | 205456870 | 自科库501/501自科库 63排5列3层/ [索取号:X172-43/Y220] | 在馆 | |
| 3 | 545688 | 205456889 | 自科库501/501自科库 63排5列3层/ [索取号:X172-43/Y220] | 在馆 |